Vergleichende Religionswissenschaft /

Hlavní autor: Frick, Heinrich, 1893-1952
Jazyk: Němčina
Vydáno: Berlin ; Leipzig : Walter de Gruyter & Co., 1928
Edice: Sammlung Göschen
Fyzický popis: 134 s.
Knihy
Uloženo v:
LEADER 00721nam a22002292a 4500
001 000919672
003 CZ BrMZK
005 20081103190148.0
007 ta
008 081103s1928 gw er|||||||||||ger d
040 |a BOA001  |b cze 
100 1 |a Frick, Heinrich,  |d 1893-1952  |7 kup20030000029119  |4 aut 
245 1 0 |a Vergleichende Religionswissenschaft /  |c Heinrich Frick 
260 |a Berlin ;  |a Leipzig :  |b Walter de Gruyter & Co.,  |c 1928 
300 |a 134 s. 
490 1 |a Sammlung Göschen ;  |v 208 
504 |a Obsahuje bibliografii 
830 0 |a Sammlung Göschen 
910 |a BOA001  |b 1-0720.056 
990 |a BK 
991 |b 200810 
996 7 |b 2619526590  |c 1-0720.056  |l MZK  |r Sklad / do 1 hodiny  |n 0  |w 000919672  |u 000010  |a 1  |e BOA001  |j MZK50  |s A